000 00494 a2200157 4500
020 _aThe Design and Analysis of Algorithms
040 _aDLC
_bDLC
082 _a005.1
100 _aUpadhayay, Nitin
245 _aThe Design and Analysis of Algorithms
_cNitin Upadhayay
260 _aNew Delhi :
_bS. K. Kataria & Sons
_c2005.
300 _a476 p. : 24 cm.
_bill.
_c24 cm.
500 _aIncludes bibliographical references and index
650 _aComputer Alogrithms
942 _cBK
_k005.1 UPA
_2ddc
999 _c6003
_d6003